[Event "Ch Asturias"]
[Site "masterchessopen.com - Oviedo (Spain)"]
[Round "5"]
[White "Fernandez Diaz Ignacio (ESP)"]
[Black "Rodriguez Uria Julio Antonio (ESP)"]
[Result "0-1"]
[WhiteElo "2089"]
[BlackElo "2260"]

1.d4 g6 2.c4 f5 3.g3 Nf6 4.Bg2 Bg7 5.Nf3 c6 6.O-O O-O 7.Nc3 Ne4 8.Qc2 Nxc3
9.bxc3 d6 10.Rd1 Qe8 11.Ba3 Na6 12.e4 f4 13.h3 fxg3 14.fxg3 Bxh3 15.Bxh3 Rxf3
16.Be6+ Kh8 17.Kg2 Rf6 18.d5 Nc7 19.Bh3 Qf7 20.Rf1 Rf8 21.Qe2 Rxf1 22.Rxf1
Qxf1+ 23.Qxf1 Rxf1 24.Kxf1 Bxc3 {#R} 0-1

[Event "It (open)"]
[Site "masterchessopen.com - Pardubice (Czech Republic)"]
[Round "3"]
[White "Lagowski Patryk (POL)"]
[Black "Potapov Alexander (RUS)"]
[Result "0-1"]
[WhiteElo "2406"]
[BlackElo "2206"]

1.d4 f5 2.c4 Nf6 3.Nf3 g6 4.g3 Bg7 5.Bg2 d6 6.O-O O-O 7.Nc3 Qe8 8.Nd5 Nxd5
9.cxd5 Nd7 10.Qb3 Nb6 11.Bd2 e6 12.dxe6 Bxe6 13.Qc2 c6 14.Bb4 Qd7 15.e3 Bd5
16.Nd2 Rae8 17.a4 Bxg2 18.Kxg2 Nd5 19.Qb3 Kh8 20.Qa3 c5 21.Bc3 f4 22.exf4 Re2
23.Nc4 Nxf4+ 24.Kh1 Rxf2 25.Ne3 Rxh2+ 26.Kg1 Qh3 {#R} 0-1

[Event "It (cat.8)"]
[Site "masterchessopen.com - Paris (France)"]
[Round "8"]
[White "Bagheri Amir (FRA)"]
[Black "Santo-Roman Marc (FRA)"]
[Result "1-0"]
[WhiteElo "2496"]
[BlackElo "2394"]

1.d4 f5 2.Nf3 Nf6 3.c4 g6 4.g3 Bg7 5.Bg2 O-O 6.b4 d6 7.Bb2 e5 8.dxe5 Ng4 9.O-O
Nd7 10.Nc3 dxe5 11.e4 c6 12.c5 f4 13.Qd6 fxg3 14.Qe6+ Kh8 15.Qxg4 gxf2+
16.Rxf2 Nxc5 17.Qg3 Ne6 18.Ne2 Nf4 19.Nxe5 Nxe2+ 20.Rxe2 Qb6+ 21.Qe3 Qxb4
22.Nxg6+ {#r} 1-0

[Event "It \"]
[Site "masterchessopen.com - Philadelphia (USA)"]
[Round "9"]
[White "Wright William (USA)"]
[Black "Frumkin Edward (USA)"]
[Result "1-0"]
[WhiteElo "2205"]
[BlackElo "2069"]

1.d4 g6 2.c4 f5 3.Nf3 Bg7 4.g3 Nf6 5.Bg2 O-O 6.O-O d6 7.b3 Nc6 8.Bb2 e5 9.dxe5
Ng4 10.h3 Ngxe5 11.Nxe5 Nxe5 12.Nc3 c6 13.Qd2 Be6 14.Rad1 Nf7 15.e4 f4 16.gxf4
Qh4 17.Qe3 Bh6 18.Ne2 Rad8 19.Qg3 Qe7 20.Nd4 Bc8 21.Nf5 Bxf5 22.exf5 Qe2
23.Bf6 {#r} 1-0

[Event "Hessenliga 2002/03"]
[Site "masterchessopen.com - Germany"]
[Date "2003.02.02"]
[Round "6"]
[White "Reinhardt Ralph (GER)"]
[Black "Huss Rolf (GER)"]
[Result "0-1"]
[WhiteElo "2112"]
[BlackElo "2150"]

1.d4 f5 2.Nf3 Nf6 3.c4 g6 4.g3 Bg7 5.Bg2 d6 6.O-O O-O 7.Nc3 Qe8 8.d5 Na6 9.Nd4
Bd7 10.e4 fxe4 11.Nxe4 Nxe4 12.Bxe4 Rc8 13.Be3 c6 14.dxc6 bxc6 15.Qd2 Qf7
16.Nb3 Qxc4 17.Bd3 Qa4 18.Bxa7 c5 19.Be2 Nb4 20.Bxc5 dxc5 21.Bc4+ Kh8 22.a3
Nc6 23.Nxc5 Qxc4 24.Rac1 Nd4 {#R} 0-1

[Event "Ch France (team) (2) 2003/04"]
[Site "masterchessopen.com - France"]
[Date "2004.01.18"]
[Round "6"]
[White "Bianchi Guillaume (FRA)"]
[Black "Derisbourg Denis (FRA)"]
[Result "0-1"]
[WhiteElo "2187"]
[BlackElo "2078"]

1.d4 f5 2.g3 g6 3.Bg2 Nf6 4.c4 Bg7 5.Nf3 d6 6.Nc3 O-O 7.O-O Qe8 8.d5 a5 9.Rb1
Na6 10.b3 Nc5 11.Bb2 Bd7 12.Nd4 Qf7 13.Ne6 Bxe6 14.dxe6 Qe8 15.Nb5 Qc8 16.h4
c6 17.Nxd6 exd6 18.e7 Re8 19.Qxd6 Nfe4 {#R} 0-1

[Event "Bayern Landesliga South 2003/04"]
[Site "masterchessopen.com - Bayern (Germany)"]
[Date "2004.02.15"]
[Round "6"]
[White "Likavsky Tomas (SVK)"]
[Black "Urban Michael (GER)"]
[Result "1-0"]
[WhiteElo "2449"]
[BlackElo "2159"]

1.d4 f5 2.g3 Nf6 3.Bg2 g6 4.Nf3 Bg7 5.c4 O-O 6.b4 d6 7.Bb2 Qe8 8.Qb3 Nbd7
9.c5+ d5 10.Nbd2 c6 11.Ne5 Kh8 12.Ndf3 Ne4 13.Nd3 Ndf6 14.Nfe5 Nh5 15.f3 Ng5
16.e3 Be6 17.a4 Nf7 18.O-O g5 19.b5 Rb8 20.Rab1 Nf6 {#r} 1-0

[Event "It (open)"]
[Site "masterchessopen.com - St. Lo (France)"]
[Date "2004.02.16"]
[Round "4"]
[White "Amoyal Pierre (FRA)"]
[Black "Lelong Eric (FRA)"]
[Result "1-0"]
[WhiteElo "2218"]
[BlackElo "2026"]

1.d4 f5 2.c4 Nf6 3.g3 g6 4.Bg2 Bg7 5.Nf3 O-O 6.O-O d6 7.Nc3 Qe8 8.d5 Na6 9.Nd4
h6 10.Rb1 g5 11.b4 Qg6 12.Qd3 Ng4 13.f4 gxf4 14.gxf4 Qh5 15.h3 Nf6 16.Rb3 Kh8
17.Rf3 Rg8 18.Rg3 Bd7 19.Be3 Qh4 20.Bf2 Qxf4 21.e3 {#r} 1-0

[Event "It (open)"]
[Site "masterchessopen.com - Bad Woerishofen (Germany)"]
[Date "2004.03.19"]
[Round "2"]
[White "Ruck Robert (HUN)"]
[Black "Pflug Matthias (GER)"]
[Result "1-0"]
[WhiteElo "2562"]
[BlackElo "2220"]

1.Nf3 f5 2.g3 Nf6 3.Bg2 g6 4.d4 Bg7 5.c4 O-O 6.b3 d6 7.Bb2 Qe8 8.O-O Na6
9.Nbd2 Rb8 10.Qc2 b5 11.Rfe1 h6 12.a3 bxc4 13.Qxc4+ Qf7 14.b4 Qxc4 15.Nxc4 c5
16.dxc5 Be6 17.Nfd2 dxc5 18.Be5 Nd7 19.Bxb8 Bxa1 20.Bxa7 Bc3 21.b5 Bxc4
22.Nxc4 Bxe1 23.bxa6 Kf7 24.Bb6 Ke6 25.a7 {#r} 1-0

[Event "Tournament"]
[Site "masterchessopen.com - Switzerland"]
[Round "0"]
[White "Riesen Markus (SUI)"]
[Black "Buergi Oswald (SUI)"]
[Result "0-1"]
[WhiteElo "2052"]
[BlackElo "2175"]

1.d4 f5 2.g3 g6 3.Bg2 Bg7 4.Nf3 Nf6 5.c4 O-O 6.O-O d6 7.b3 Ne4 8.Ba3 c5 9.Nbd2
Nc3 10.Qe1 cxd4 11.e3 d3 12.Bb4 Ne2+ 13.Kh1 Nc6 {#R} 0-1

[Event "It (blitz) ACP (Prelim3)"]
[Site "masterchessopen.com - Internet"]
[Date "2004.04.14"]
[Round "9"]
[White "Lautier Joel (FRA)"]
[Black "Berg Emanuel (SWE)"]
[Result "1-0"]
[WhiteElo "2682"]
[BlackElo "2529"]

1.d4 f5 2.g3 Nf6 3.Bg2 g6 4.c4 Bg7 5.Nf3 O-O 6.b4 c6 7.O-O Ne4 8.Bb2 d5 9.Nbd2
a5 10.b5 Nd7 11.a4 Ndf6 12.Ne5 cxb5 13.cxb5 Be6 14.Nb3 Nd7 15.f3 Nxe5 16.dxe5
Ng5 17.Nc5 Qb6 18.Rc1 Rac8 19.Qd4 Rc7 20.h4 Nf7 21.Nxe6 Qxe6 22.Rxc7 Bxe5
23.Qe3 Qd6 24.Bxe5 {#r} 1-0

[Event "Ch Baden (open)"]
[Site "masterchessopen.com - Eppingen (Germany)"]
[Date "2004.04.16"]
[Round "10"]
[White "Gyimesi Zoltan (HUN)"]
[Black "Schulze Ulrich (GER)"]
[Result "1-0"]
[WhiteElo "2613"]
[BlackElo "2333"]

1.d4 f5 2.g3 Nf6 3.Bg2 g6 4.c4 Bg7 5.Nf3 O-O 6.O-O d6 7.Nc3 Qe8 8.Nd5 Nxd5
9.cxd5 h6 10.Bd2 c6 11.dxc6 bxc6 12.Qa4 Ba6 13.Rfe1 Qf7 14.e4 fxe4 15.Rxe4 Bb5
16.Qb3 Qxb3 17.axb3 Rf7 18.Rae1 Bf8 19.Nh4 g5 20.Ng6 Nd7 21.Nxe7+ {#r} 1-0

[Event "Bayern Regionalliga Southeast 2003/04"]
[Site "masterchessopen.com - Bayern (Germany)"]
[Date "2004.04.25"]
[Round "9"]
[White "Terzic Safet (BIH)"]
[Black "Zill Christoph (GER)"]
[Result "0-1"]
[WhiteElo "2289"]
[BlackElo "2297"]

1.d4 f5 2.c4 Nf6 3.g3 g6 4.Bg2 Bg7 5.Nf3 d6 6.O-O O-O 7.Nc3 Qe8 8.d5 a5 9.Qc2
Na6 10.Be3 Bd7 11.Rad1 c5 12.Qc1 b5 {#R} 0-1

[Event "Tournament (open)"]
[Site "masterchessopen.com - Neukoelln (Germany)"]
[Date "2004.06.04"]
[Round "7"]
[White "Koenig Frank (GER)"]
[Black "Krawatzki Armin (GER)"]
[Result "1-0"]
[WhiteElo "2024"]
[BlackElo "1781"]

1.Nf3 f5 2.c4 Nf6 3.g3 g6 4.d4 Bg7 5.Bg2 O-O 6.O-O d6 7.Nc3 Qe8 8.d5 c6 9.Rb1
a5 10.a3 h6 11.b4 axb4 12.axb4 cxd5 13.Nxd5 Nxd5 14.Qxd5+ Qf7 15.Nd4 Nd7
16.Qxf7+ Kxf7 17.Bd5+ Ke8 18.Ne6 Rg8 19.Nc7+ {#r} 1-0

[Event "Ch Croatia (team) (1st league) (w)"]
[Site "masterchessopen.com - Rabac (Croatia)"]
[Date "2004.09.07"]
[Round "3"]
[White "Pahor Andrea (CRO)"]
[Black "Bocina Marija (CRO)"]
[Result "1-0"]
[WhiteElo "2063"]
[BlackElo "1718"]

1.c4 f5 2.d4 Nf6 3.g3 g6 4.Bg2 Bg7 5.Nf3 O-O 6.O-O d6 7.Nc3 Qe8 8.d5 e5 9.dxe6
Qxe6 10.Ng5 Qd7 11.Nd5 c6 12.Nxf6+ Bxf6 13.e4 Qe7 14.h4 Na6 15.Bf4 Be5 16.Bxe5
dxe5 17.exf5 Bxf5 18.Qe2 Rfe8 19.Rad1 Rad8 20.Rfe1 Rxd1 21.Rxd1 Qc5 22.g4 Be6
23.Ne4 Qf8 24.g5 {#r} 1-0

[Event "It (open)"]
[Site "masterchessopen.com - Goch (Germany)"]
[Date "2004.09.30"]
[Round "1"]
[White "Levin Felix (GER)"]
[Black "Buchkremer Felix Dr (GER)"]
[Result "1-0"]
[WhiteElo "2498"]
[BlackElo "2041"]

1.d4 f5 2.g3 Nf6 3.Bg2 g6 4.Nf3 Bg7 5.c4 O-O 6.b4 d6 7.Bb2 e5 8.dxe5 Nfd7
9.O-O Nc6 10.Qb3 dxe5 11.b5 Na5 12.Qa4 Nb6 13.Qxa5 Nxc4 14.Qb4 Nxb2 15.Qxb2 e4
16.Qb3+ Kh8 17.Nc3 exf3 18.Bxf3 Qe8 19.Rac1 Bh6 20.Nd5 Be6 21.Rxc7 f4 22.Qc3+
{#r} 1-0

[Event "Olympiad"]
[Site "masterchessopen.com - Calvia (Spain)"]
[Date "2004.10.22"]
[Round "7"]
[White "Abdulla Ahmed Ibrahim (QAT)"]
[Black "Danner Georg (AUT)"]
[Result "1-0"]
[WhiteElo "2180"]
[BlackElo "2436"]

1.d4 f5 2.Nf3 Nf6 3.c4 g6 4.g3 Bg7 5.Bg2 O-O 6.O-O d6 7.b4 Qe8 8.Bb2 Nc6 9.b5
Nd8 10.Qb3 Nf7 11.Nc3 e5 12.dxe5 Nxe5 13.Nd4 Kh8 14.Nd5 Nf7 15.f4 Ng4 16.h3
Nf6 17.Nxf6 Bxf6 18.Rae1 {#r} 1-0

[Event "Oberliga Southwest 2004/05"]
[Site "masterchessopen.com - Germany"]
[Date "2004.11.28"]
[Round "3"]
[White "Trumm Achim"]
[Black "Rueckert Helge (GER)"]
[Result "0-1"]
[WhiteElo "1866"]
[BlackElo "2110"]

1.d4 f5 2.Nf3 Nf6 3.c4 g6 4.g3 Bg7 5.Bg2 O-O 6.O-O d6 7.Nc3 Qe8 8.Re1 Nc6
9.Nb5 Qd8 10.Nc3 e5 11.dxe5 dxe5 12.Bg5 Be6 13.b3 e4 14.Nd2 h6 15.Bxf6 Qxf6
16.Rc1 Rad8 17.Qc2 Rd7 18.Nf1 Rfd8 19.Ne3 Nb4 20.Ncd5 Bxd5 21.Nxd5 Rxd5 22.Qb1
Rd2 23.a3 Rb2 {#R} 0-1

[Event "It (open) \"]
[Site "masterchessopen.com - Tiefenbach (Germany)"]
[Date "2005.01.19"]
[Round "7"]
[White "Meyer Thomas (GER)"]
[Black "Frankenberger Ralf (GER)"]
[Result "0-1"]
[WhiteElo "1855"]
[BlackElo "2014"]

1.d4 f5 2.c4 g6 3.g3 Nf6 4.Bg2 Bg7 5.Nf3 d6 6.O-O O-O 7.Nc3 Qe8 8.Qc2 e5
9.dxe5 dxe5 10.e4 c6 11.exf5 gxf5 12.b3 {#R} 0-1

[Event "It (open) (b)"]
[Site "masterchessopen.com - Polanica Zdroj (Poland)"]
[Date "2005.08.25"]
[Round "7"]
[White "Pacholec Tomasz (POL)"]
[Black "Panbukczijan Aris (POL)"]
[Result "0-1"]
[WhiteElo "1936"]
[BlackElo "2075"]

1.d4 f5 2.Nf3 Nf6 3.c4 g6 4.g3 Bg7 5.Bg2 d6 6.O-O O-O 7.Nc3 Qe8 8.Re1 Qf7
9.Qd3 h6 10.Nh4 Nc6 11.f4 e5 12.dxe5 dxe5 13.e4 Rd8 14.Nd5 exf4 15.exf5 g5
16.Ng6 Ng4 17.Nde7+ Kh7 18.Bd5 Qf6 19.Kg2 Nxe7 20.Rxe7 c6 21.Rf7 Qxf7 22.f6
Qxg6 {#R} 0-1

[Event "It (open)"]
[Site "masterchessopen.com - Montigny (France)"]
[Date "2005.12.26"]
[Round "1"]
[White "Winckel Fabrice (FRA)"]
[Black "Legky Nikolay A (UKR)"]
[Result "0-1"]
[WhiteElo "1689"]
[BlackElo "2453"]

1.d4 f5 2.c4 Nf6 3.Nf3 g6 4.g3 Bg7 5.Bg2 d6 6.O-O O-O 7.Nc3 Qe8 8.Bg5 c6 9.Re1
Qf7 10.d5 Ne4 11.Rc1 Nd7 12.Be3 Bxc3 13.bxc3 Ndf6 14.Ng5 Nxg5 15.Bxg5 c5
16.Bf4 b6 17.e4 fxe4 18.Bxe4 g5 19.Bxg5 Nxe4 20.Rxe4 Qxf2+ 21.Kh1 Bh3 22.Re1
Bg2# 0-1

[Event "It (open)"]
[Site "masterchessopen.com - Moscow (Russia)"]
[Date "2006.02.05"]
[Round "8"]
[White "Poobesh Anand S (IND)"]
[Black "Vasiukov Evgeni (RUS)"]
[Result "1-0"]
[WhiteElo "2416"]
[BlackElo "2502"]

1.d4 f5 2.c4 Nf6 3.Nf3 g6 4.g3 Bg7 5.Bg2 O-O 6.O-O d6 7.Nc3 Qe8 8.Nd5 Nxd5
9.cxd5 h6 10.Bd2 c6 11.dxc6 bxc6 12.Rc1 Qf7 13.Qa4 Be6 14.b3 Bd5 15.Ne1 Kh7
16.e3 Bxg2 17.Nxg2 a6 18.Qc4 d5 19.Qa4 g5 20.Ne1 Qh5 21.f4 Ra7 22.Qb4 Bf6
23.Qc5 Rb7 24.Qc2 e6 25.Qd1 Qh3 {#r} 1-0

[Event "Ch Germany"]
[Site "masterchessopen.com - Osterburg (Germany)"]
[Date "2006.02.05"]
[Round "3"]
[White "Sprenger Jan Michael (GER)"]
[Black "Koepke Christian (GER)"]
[Result "1-0"]
[WhiteElo "2525"]
[BlackElo "2316"]

1.Nf3 g6 2.d4 f5 3.c4 Nf6 4.g3 Bg7 5.Bg2 O-O 6.O-O d6 7.Nc3 Qe8 8.Re1 Qf7 9.d5
Ne4 10.Qc2 Nxc3 11.bxc3 Na6 12.e4 e5 13.dxe6 Qxe6 14.exf5 Qxf5 15.Qxf5 Rxf5
16.Nd4 Rf8 17.Bg5 Nc5 18.Bd5+ Kh8 19.Be7 Re8 20.Bxd6 Rxe1+ 21.Rxe1 cxd6
22.Re8+ Bf8 23.Rxf8+ Kg7 24.Rg8+ Kf6 25.Nb5 {#r} 1-0

[Event "Ch Ukraine (juniors) (under 18)"]
[Site "masterchessopen.com - Dnepropetrovsk (Ukraine)"]
[Date "2006.03.06"]
[Round "3"]
[White "Artemchuk Taras (UKR)"]
[Black "Tukhaev Adam (UKR)"]
[Result "0-1"]
[WhiteElo "2214"]
[BlackElo "2464"]

1.d4 f5 2.g3 Nf6 3.Bg2 g6 4.Nf3 Bg7 5.c4 d6 6.Nc3 O-O 7.O-O Qe8 8.b3 c6 9.Qc2
Na6 10.Ba3 h6 11.e4 fxe4 12.Nxe4 Nxe4 13.Qxe4 Bf5 14.Qe3 Qf7 15.Nh4 Bd7 16.Be4
g5 17.Ng6 Rfe8 18.f4 g4 19.f5 Qf6 20.Rad1 e6 21.Qd3 exf5 22.Bxf5 Bxf5 23.Rxf5
Qxg6 24.Rf8+ Kh7 25.Rf7 Re1+ {#R} 0-1

[Event "It (open)"]
[Site "masterchessopen.com - San Sebastian (Spain)"]
[Date "2006.04.15"]
[Round "9"]
[White "Fosser Gaspar (FRA)"]
[Black "Huesmann Thomas (BEL)"]
[Result "0-1"]
[WhiteElo "2020"]
[BlackElo "2315"]

1.d4 f5 2.Nf3 Nf6 3.c4 g6 4.g3 Bg7 5.Bg2 O-O 6.Nc3 d6 7.O-O Qe8 8.Qc2 e5
9.dxe5 dxe5 10.e4 fxe4 11.Nxe4 Nc6 12.Nxf6+ Bxf6 13.Bh6 Rf7 14.Ng5 Nd4 15.Qd1
Bxg5 16.Bxg5 Be6 17.b3 Qc8 18.f4 Bg4 19.Qd2 Rd7 20.Bd5+ Rxd5 21.cxd5 Qd7
22.Rad1 Qxd5 23.Qe3 exf4 24.Bxf4 Nf3+ 25.Rxf3 Qxf3 {#R} 0-1

[Event "Ch Italy (team)"]
[Site "masterchessopen.com - Porto San Giorgio (Italy)"]
[Date "2006.04.22"]
[Round "3"]
[White "Marinelli Tullio (ITA)"]
[Black "Borisek Jure (SLO)"]
[Result "0-1"]
[WhiteElo "2373"]
[BlackElo "2507"]

1.d4 f5 2.c4 Nf6 3.g3 g6 4.Bg2 Bg7 5.Nf3 O-O 6.O-O d6 7.Nc3 Qe8 8.d5 Na6 9.Nd4
Bd7 10.e4 fxe4 11.Nxe4 Nxe4 12.Bxe4 c6 13.Bg2 Nc7 14.a4 a6 15.a5 cxd5 16.cxd5
Qf7 17.Ne6 Nxe6 18.dxe6 Bxe6 19.Bxb7 Rab8 20.Bxa6 Bh3 21.Qd2 Qf3 {#R} 0-1

[Event "Ch Spain (universities)"]
[Site "masterchessopen.com - Madrid (Spain)"]
[Date "2006.05.08"]
[Round "8"]
[White "Bermejo Martinez Jorge (ESP)"]
[Black "Herraiz Hidalgo Herminio (ESP)"]
[Result "0-1"]
[WhiteElo "2216"]
[BlackElo "2493"]

1.d4 f5 2.c4 Nf6 3.Nf3 g6 4.g3 Bg7 5.Bg2 d6 6.O-O O-O 7.b4 e5 8.dxe5 Nfd7
9.Bb2 dxe5 10.Qd5+ Kh8 11.Nxe5 c6 12.Qd6 Nxe5 {#R} 0-1

[Event "Memorial Karl Mala (open)"]
[Site "masterchessopen.com - Frankfurt (Germany)"]
[Date "2006.07.22"]
[Round "5"]
[White "Ovsejevitsch Sergei (UKR)"]
[Black "Kartsev Soel (RUS)"]
[Result "1-0"]
[WhiteElo "2545"]
[BlackElo "2232"]

1.d4 f5 2.g3 Nf6 3.Bg2 g6 4.c4 Bg7 5.Nf3 O-O 6.b4 d6 7.Bb2 e5 8.dxe5 Ng4 9.Nc3
Nxe5 10.Nxe5 Bxe5 11.O-O a5 12.a3 axb4 13.axb4 Rxa1 14.Qxa1 Nc6 15.Nd5 Be6
16.Rd1 Bxb2 17.Qxb2 Ne5 18.c5 g5 19.Nxc7 Qxc7 20.Rxd6 Ng4 21.Rxe6 Rd8 22.Bf3
Rd1+ 23.Kg2 Nxh2 24.Re8+ {#r} 1-0

[Event "It (open)"]
[Site "masterchessopen.com - Poznan (Poland)"]
[Date "2006.07.26"]
[Round "5"]
[White "Urban Klaudiusz (POL)"]
[Black "Krainski Slawomir (POL)"]
[Result "1-0"]
[WhiteElo "2450"]
[BlackElo "2137"]

1.Nf3 g6 2.d4 Bg7 3.c4 f5 4.g3 Nf6 5.Bg2 O-O 6.O-O d6 7.d5 a5 8.Nc3 Qe8 9.Nd4
Na6 10.b3 h6 11.e3 g5 12.f4 Qg6 13.Bb2 Bd7 14.Qd2 Nc5 15.Rad1 Nce4 16.Nxe4
Nxe4 17.Qc2 c6 18.g4 cxd5 19.Nxf5 Bxf5 20.gxf5 Rxf5 21.Rxd5 e6 22.Bxe4 {#r}
1-0

[Event "It (open) \"]
[Site "masterchessopen.com - Copenhagen (Denmark)"]
[Date "2006.07.28"]
[Round "7"]
[White "Matthiesen Arne (DEN)"]
[Black "Wiwe Andreas (DEN)"]
[Result "1-0"]
[WhiteElo "2346"]
[BlackElo "2197"]

1.Nf3 f5 2.d4 Nf6 3.c4 g6 4.g3 Bg7 5.Bg2 O-O 6.O-O d6 7.Nc3 Qe8 8.d5 a5 9.e4
fxe4 10.Ng5 h6 11.Ngxe4 Nxe4 12.Nxe4 e5 13.c5 Qe7 14.Be3 Kh7 15.Rc1 Na6 16.Qb3
Bd7 17.cxd6 cxd6 18.Qb6 Nb4 19.Qxd6 Qf7 20.Rc7 Rfd8 21.Nc5 Be8 22.Qb6 Nxd5
23.Rxf7 Nxb6 24.Rxg7+ {#r} 1-0

[Event "It (open)"]
[Site "masterchessopen.com - Temecula (USA)"]
[Date "2006.09.02"]
[Round "1"]
[White "Iotov Valentin (BUL)"]
[Black "Stevens Lawrence (USA)"]
[Result "1-0"]
[WhiteElo "2503"]
[BlackElo "2103"]

1.d4 f5 2.Nf3 Nf6 3.g3 g6 4.Bg2 Bg7 5.c4 d6 6.b4 O-O 7.Bb2 Ne4 8.O-O Nd7
9.Nbd2 Nxd2 10.Qxd2 h6 11.d5 Ne5 12.Nxe5 dxe5 13.c5 g5 14.Rad1 Qe8 15.Qc2 Bd7
16.c6 bxc6 17.dxc6 Be6 18.Bd5 Bxd5 19.Rxd5 Qf7 20.Qc5 f4 21.Bxe5 Bxe5 22.Rxe5
fxg3 23.hxg3 e6 24.Qe3 Rab8 25.a3 {#r} 1-0

[Event "Ch Austria (qual)"]
[Site "masterchessopen.com - Koeflach (Austria)"]
[Date "2006.09.06"]
[Round "5"]
[White "Ferrari Josef (AUT)"]
[Black "Wersching Alfred (AUT)"]
[Result "1-0"]
[WhiteElo "2152"]
[BlackElo "2053"]

1.Nf3 f5 2.d4 Nf6 3.c4 g6 4.g3 Bg7 5.Bg2 d6 6.O-O O-O 7.d5 Na6 8.Be3 Bd7 9.Nc3
Qe8 10.Rc1 b6 11.Nd4 Nc5 12.b4 Nce4 13.Ncb5 Ng4 14.Nxc7 Qc8 15.Nxa8 Nxe3
16.fxe3 Bh6 17.Qd3 Qxa8 18.Bxe4 e5 19.Nc6 fxe4 20.Qxe4 Bh3 21.Rf3 Qe8 22.g4
Rxf3 23.exf3 Qf7 24.Kf2 Bxg4 25.Qxg4 {#r} 1-0

[Event "It (open)"]
[Site "masterchessopen.com - Senden (Germany)"]
[Date "2006.10.08"]
[Round "3"]
[White "Schulze Ulrich (GER)"]
[Black "Kuhn Ulf (GER)"]
[Result "1-0"]
[WhiteElo "2304"]
[BlackElo "2138"]

1.d4 f5 2.Nf3 Nf6 3.g3 g6 4.Bg2 Bg7 5.c4 d6 6.O-O O-O 7.Nc3 Qe8 8.d5 a5 9.Nd4
Na6 10.e4 fxe4 11.Nxe4 Nxe4 12.Bxe4 Bd7 13.Bg5 c6 14.Re1 Nc7 15.dxc6 bxc6
16.Bxc6 Bxc6 17.Rxe7 Qb8 18.Nxc6 Qxb2 19.Rb1 Qxf2+ 20.Kh1 Rf7 21.Rb7 Rc8
22.Rxf7 Kxf7 23.Ne7 {#r} 1-0

[Event "Ch Romania"]
[Site "masterchessopen.com - Predeal (Romania)"]
[Date "2006.12.01"]
[Round "5"]
[White "Marin Mihail (ROM)"]
[Black "Grunberg Mihai-Lucian (ROM)"]
[Result "1-0"]
[WhiteElo "2552"]
[BlackElo "2414"]

1.d4 g6 2.c4 Bg7 3.Nf3 f5 4.g3 Nf6 5.Bg2 O-O 6.O-O c6 7.Nc3 Ne4 8.Qc2 d5 9.Bf4
Be6 10.Rfd1 Nd7 11.cxd5 cxd5 12.Ng5 Nxg5 13.Bxg5 h6 14.Bf4 Nf6 15.Qb3 Qd7
16.Rac1 Rfc8 17.Nb5 g5 18.Be5 Rc4 19.Nc7 Rc8 20.Rxc4 dxc4 21.Qxb7 Ne4 22.Bxe4
fxe4 23.Qxe4 Rxc7 24.Qg6 {#r} 1-0

[Event "It (open) \"]
[Site "masterchessopen.com - St. Petersburg (Russia)"]
[Date "2007.06.25"]
[Round "1"]
[White "Mironovich Mark (RUS)"]
[Black "Butylkin Alexey (RUS)"]
[Result "0-1"]
[WhiteElo "1928"]
[BlackElo "2204"]

1.d4 f5 2.c4 Nf6 3.g3 g6 4.Bg2 Bg7 5.Nf3 d6 6.b3 O-O 7.O-O c6 8.Bb2 Ne4 9.Nc3
Na6 10.e3 Qe8 11.Nd2 Nxc3 12.Bxc3 e5 13.f4 exf4 {#R} 0-1

[Event "Memorial Tadeusz Gniota (open)"]
[Site "masterchessopen.com - Police (Poland)"]
[Date "2007.07.12"]
[Round "2"]
[White "Grabarczyk Miroslaw (POL)"]
[Black "Issel Oliver (GER)"]
[Result "1-0"]
[WhiteElo "2464"]
[BlackElo "2113"]

1.d4 f5 2.g3 Nf6 3.Bg2 g6 4.Nf3 Bg7 5.c4 d6 6.b4 O-O 7.Bb2 c6 8.O-O h6 9.Nc3
Ne4 10.Qc2 Nxc3 11.Bxc3 Qe8 12.d5 Na6 13.Bxg7 Kxg7 14.dxc6 bxc6 15.Nd4 Bd7
16.Qa4 c5 17.Qxa6 cxd4 18.Rad1 {#r} 1-0

[Event "It (open)"]
[Site "masterchessopen.com - Pardubice (Czech Republic)"]
[Date "2007.07.23"]
[Round "4"]
[White "Mochalov Evgeny V (BLR)"]
[Black "Dziuba Marcin (POL)"]
[Result "1-0"]
[WhiteElo "2446"]
[BlackElo "2538"]

1.c4 f5 2.d4 Nf6 3.g3 g6 4.Bg2 Bg7 5.Nf3 O-O 6.O-O d6 7.Nc3 e6 8.Qb3 Qe7 9.Rd1
Na6 10.Qa3 c5 11.Bf4 Rd8 12.dxc5 Nxc5 13.Nb5 e5 14.Bxe5 dxe5 15.Rxd8+ Qxd8
16.Qxc5 Ne4 17.Qc7 Be6 18.Nxe5 Qd2 19.Qe7 Ng5 20.f4 Qe3+ 21.Kh1 Bxc4 22.Qxb7
Rd8 23.Nxc4 Qxe2 24.Nbd6 {#r} 1-0

[Event "Ch Europe (juniors) (under 14) (g)"]
[Site "masterchessopen.com - Sibenik (Croatia)"]
[Date "2007.09.16"]
[Round "3"]
[White "Kantor Reka (SVK)"]
[Black "Varga Klara (HUN)"]
[Result "0-1"]
[WhiteElo "1780"]
[BlackElo "1975"]

1.d4 f5 2.Nf3 Nf6 3.g3 g6 4.Bg2 Bg7 5.c4 O-O 6.O-O d6 7.Nc3 Qe8 8.Qc2 e5
9.dxe5 dxe5 10.e4 Na6 11.Re1 f4 12.Nd5 fxg3 13.hxg3 c6 14.Nxf6+ Bxf6 15.b3 Bg4
16.Bb2 Qe7 17.Qc3 Rae8 18.Qa5 Bxf3 19.Bxf3 Qf7 20.Re3 Bd8 21.Qe1 Bb6 22.Rd3
Nc5 23.Rc3 Ne6 24.Kg2 Ng5 {#R} 0-1

[Event "Bundesliga B East 2007/08"]
[Site "masterchessopen.com - Austria"]
[Date "2008.02.17"]
[Round "9"]
[White "Kummer Helmut (AUT)"]
[Black "Wiedermann Franz (AUT)"]
[Result "1-0"]
[WhiteElo "2393"]
[BlackElo "2070"]

1.d4 f5 2.g3 Nf6 3.Bg2 g6 4.c4 Bg7 5.Nf3 O-O 6.O-O d6 7.Nc3 Qe8 8.Nd5 Nxd5
9.cxd5 Qb5 10.Ne1 Nd7 11.a4 Qb6 12.e3 Nf6 13.Nd3 Bd7 14.b4 a5 15.b5 c6 16.dxc6
bxc6 17.Qb3+ Kh8 18.Nf4 d5 19.Ba3 Rfe8 20.Rab1 Ne4 21.bxc6 Qxc6 22.Rfc1 Qxa4
23.Qxa4 Bxa4 24.Nxd5 Ra7 25.Bxe4 fxe4 26.Bc5 {#r} 1-0